000 00307pam a2200133 a 4500
020 _c
041 _h
082 _a748
_bDRW
100 _aJohn Prew.
245 _aColour Management for Logos
_hTextual Documents
260 _a[s.l]:
_bPage one Publisher,
_c2006.
300 _a220:
_bHArd.
930 _a6249
999 _c240039
_d240039